<A> Time expanded matroid algorithm for finding optimal dynamic matroid intersections
Na minha lista:
| Autor principal: | |
|---|---|
| Formato: | Livro |
| Idioma: | inglês |
| Publicado em: |
Gainesville
University of Florida
1984
|
| Colecção: | Research Report
no. 84-24 |
| Tags: |
Sem tags, seja o primeiro a adicionar uma tag!
|
MARC
| LEADER | 00000nam a2200000 4500 | ||
|---|---|---|---|
| 001 | c113745 | ||
| 005 | 20181203150323.8 | ||
| 041 | 0 | |a eng | |
| 044 | |a US | ||
| 245 | 1 | 0 | |a <A> Time expanded matroid algorithm for finding optimal dynamic matroid intersections |c Horst W. Hamacher |
| 264 | 1 | |a Gainesville |b University of Florida |c 1984 | |
| 300 | |a 17 s. | ||
| 490 | 1 | |a Research Report |v no. 84-24 | |
| 830 | 0 | |a Research Report |v no. 84-24 | |
| 100 | 1 | |a Hamacher, Horst W. | |